Contemporary logistics

A market-leading text, Contemporary Logistics eplores modern logistics from a managerial perspective. These are characterised by geopolitical tensions in parts of the world, steadily increasing trade, supply chain vulnerabilities caused by severe natural disasters, and an unabated pace of technologi...

Cur síos iomlán

Đã lưu trong:
Sonraí Bibleagrafaíochta
Príomhúdar: Murphy, Paul Regis
Formáid: Leabhar
Teanga:Undetermined
Foilsithe: Harlow, United Kingdom Pearson Education Limited 2018
Ábhair:
Clibeanna: Cuir Clib Leis
Gan Chlibeanna, Bí ar an gcéad duine leis an taifead seo a chlibeáil!
Thư viện lưu trữ: Trung tâm Học liệu Trường Đại học Cần Thơ
LEADER 01257nam a2200205Ia 4500
001 CTU_228314
008 210402s9999 xx 000 0 und d
020 |c 810000 
082 |a 658.5 
082 |b M978 
100 |a Murphy, Paul Regis 
245 0 |a Contemporary logistics 
245 0 |c Paul R. Murphy, A. Michael Knemeyer 
260 |a Harlow, United Kingdom 
260 |b Pearson Education Limited 
260 |c 2018 
520 |a A market-leading text, Contemporary Logistics eplores modern logistics from a managerial perspective. These are characterised by geopolitical tensions in parts of the world, steadily increasing trade, supply chain vulnerabilities caused by severe natural disasters, and an unabated pace of technological advancement. In it, readers see theory come to life through timely, practical, and exciting coverage of logistics fundamentals, and challenges and opportunities for logistics managers in today's dynamic global landscape. This edition provides the most up-to-date insights and perspectives sourced from reviewers, adopters, and other stakeholders. 
650 |a Phân phối vật lý hàng hóa,Physical distribution of goods 
910 |b nthai 
980 |a Trung tâm Học liệu Trường Đại học Cần Thơ